000 00386nam a2200133Ia 4500
008 210430s9999 xx 000 0 und d
020 _a9788178330051
082 _a678 N6917 C
100 _aNIIR Board
_9128867
245 _aThe Complete book on Rubber Processing and Compounding Technology /
_cNIIR Board
260 _aIndia
_bAsia Pacific
_c2010
300 _a693p
942 _cBK
_2ddc
999 _c564727
_d564727